[Event "Hradec Kralove op 7th"]
[Site "Hradec Kralove"]
[Date "2016.10.03"]
[Round "3"]
[White "Plischki, Sebastian"]
[Black "Kuba, Stanislav"]
[Result "1-0"]
[WhiteElo "2340"]
[BlackElo "2123"]
[PlyCount "67"]
[EventDate "2016.10.01"]
[EventType "swiss"]
[EventRounds "9"]
[EventCountry "CZE"]
[SourceTitle "EXT 2017"]
[Source "ChessBase"]
[SourceDate "2016.10.25"]
[SourceVersion "1"]
[SourceVersionDate "2016.10.25"]
[SourceQuality "1"]

1. d4 Nf6 2. c4 c6 3. Nf3 d5 4. e3 e6 5. Nc3 Nbd7 6. Qc2 Be7 7. Bd3 0-0 8. 0-0 dxc4 9. Bxc4 b5 10. Bd3 Bb7 11. e4 g6 12. e5 Nd5 13. Nxd5 exd5 14. Bh6 Re8 15. e6 Nf8 16. exf7+ Kxf7 17. Ne5+ Kg8 18. Nxc6 Qb6 19. Nxe7+ Rxe7 20. Qc5 Qxc5 21. dxc5 Bc6 22. Rfe1 Kf7 23. b4 Rxe1+ 24. Rxe1 a5 25. a4 Rb8 26. Bxf8 Kxf8 27. Rb1 bxa4 28. b5 a3 29. bxc6 Rxb1+ 30. Bxb1 Ke7 31. f4 Kd8 32. Kf2 Kc7 33. Ke3 Kxc6 34. Kd4 1-0

[Event "Klatovy op 22nd"]
[Site "Klatovy"]
[Date "2016.07.09"]
[Round "8"]
[White "Kuba, Stanislav"]
[Black "Hlavac, Rudolf"]
[Result "0-1"]
[WhiteElo "2156"]
[BlackElo "1983"]
[PlyCount "104"]
[EventDate "2016.07.02"]
[EventType "swiss"]
[EventRounds "9"]
[EventCountry "CZE"]
[SourceTitle "EXT 2019"]
[Source "ChessBase"]
[SourceDate "2018.10.10"]
[SourceVersion "1"]
[SourceVersionDate "2018.10.10"]
[SourceQuality "1"]

1. d4 Nf6 2. c4 g6 3. Nc3 d5 4. e3 Bg7 5. Nf3 0-0 6. b3 c5 7. Bb2 Nc6 8. Be2 cxd4 9. exd4 Bg4 10. c5 b6 11. 0-0 bxc5 12. dxc5 e5 13. Nb5 Ne4 14. Nd6 Nxd6 15. Qxd5 e4 16. Bxg7 Kxg7 17. Nd4 Nf5 18. Nxf5+ gxf5 19. Qxc6 Bxe2 20. Rfe1 Bd3 21. Re3 Qd4 22. Rae1 f4 23. Rh3 e3 24. Qh6+ Kh8 25. fxe3 fxe3 26. Rh4 Qxc5 27. Qxe3 Qxe3+ 28. Rxe3 Bg6 29. Ra4 a6 30. g4 Rfd8 31. h4 Rd2 32. h5 Bb1 33. a3 h6 34. Rf4 Ra7 35. b4 Kg7 36. Rb3 Ba2 37. Rg3 Rc7 38. g5 Rc1+ 39. Rf1 Rxf1+ 40. Kxf1 hxg5 41. Rxg5+ Kh6 42. Ra5 Rd5 43. Rxa6+ Kxh5 44. Ra7 Kg6 45. a4 f5 46. b5 Rd1+ 47. Kf2 Rb1 48. Ke3 Rb4 49. Ra6+ Kg5 50. b6 Bc4 51. Ra8 Rxb6 52. Kd4 Ra6 0-1

[Event "Klatovy op 22nd"]
[Site "Klatovy"]
[Date "2016.07.07"]
[Round "6"]
[White "Kuba, Stanislav"]
[Black "Dolansky, Lukas"]
[Result "0-1"]
[WhiteElo "2156"]
[BlackElo "2102"]
[PlyCount "70"]
[EventDate "2016.07.02"]
[EventType "swiss"]
[EventRounds "9"]
[EventCountry "CZE"]
[SourceTitle "CBM 173 Extra"]
[Source "ChessBase"]
[SourceDate "2016.08.29"]
[SourceVersion "1"]
[SourceVersionDate "2016.08.29"]
[SourceQuality "1"]

1. d4 d5 2. Nf3 Bf5 3. g3 c6 4. Bg2 Nf6 5. Nh4 Qc8 6. Nxf5 Qxf5 7. 0-0 Nbd7 8. f3 e5 9. e4 dxe4 10. fxe4 Qg6 11. c3 Nxe4 12. Qe2 Nef6 13. dxe5 Bc5+ 14. Kh1 Ng4 15. Be4 Qe6 16. b4 Bb6 17. c4 h5 18. Bf5 Qxe5 19. Bxd7+ Kxd7 20. Rxf7+ Ke6 21. Qxe5+ Nxe5 22. Rf4 Nd3 23. c5 Nxf4 24. Bxf4 Bd8 25. Nc3 g5 26. Re1+ Kf5 27. Bd6 Bf6 28. Rf1+ Kg6 29. Ne4 Bg7 30. h4 g4 31. Ng5 Rhe8 32. Rd1 Rad8 33. Kg1 Bc3 34. Rd3 Re1+ 35. Kf2 Rde8 0-1

[Event "Klatovy op 22nd"]
[Site "Klatovy"]
[Date "2016.07.05"]
[Round "4"]
[White "Kuba, Stanislav"]
[Black "Vyprachticky, David"]
[Result "1/2-1/2"]
[WhiteElo "2156"]
[BlackElo "2246"]
[PlyCount "52"]
[EventDate "2016.07.02"]
[EventType "swiss"]
[EventRounds "9"]
[EventCountry "CZE"]
[SourceTitle "CBM 173 Extra"]
[Source "ChessBase"]
[SourceDate "2016.08.29"]
[SourceVersion "1"]
[SourceVersionDate "2016.08.29"]
[SourceQuality "1"]

1. d4 Nf6 2. c4 e6 3. g3 d5 4. Bg2 dxc4 5. Qa4+ Bd7 6. Qxc4 Bc6 7. Bxc6+ Nxc6 8. Nf3 Qd5 9. Qxd5 exd5 10. Nc3 0-0-0 11. Bg5 Be7 12. Rc1 Rhe8 13. Bf4 Ne4 14. Nxe4 dxe4 15. Ne5 Bb4+ 16. Kf1 Bd6 17. Nxc6 bxc6 18. Rxc6 Bxf4 19. gxf4 Rxd4 20. Kg2 Re6 21. Rxe6 fxe6 22. Rb1 Rd2 23. Kf1 Rd5 24. Rc1 Rd2 25. Rb1 Rd5 26. Rc1 Rd2 1/2-1/2

[Event "Klatovy op 22nd"]
[Site "Klatovy"]
[Date "2016.07.04"]
[Round "3"]
[White "Molkanov, Oleg"]
[Black "Kuba, Stanislav"]
[Result "0-1"]
[WhiteElo "1860"]
[BlackElo "2156"]
[PlyCount "52"]
[EventDate "2016.07.02"]
[EventType "swiss"]
[EventRounds "9"]
[EventCountry "CZE"]
[SourceTitle "CBM 173 Extra"]
[Source "ChessBase"]
[SourceDate "2016.08.29"]
[SourceVersion "1"]
[SourceVersionDate "2016.08.29"]
[SourceQuality "1"]

1. d4 Nf6 2. c4 c6 3. Nc3 d5 4. Nf3 e6 5. Qc2 dxc4 6. a4 Na6 7. Bg5 Qa5 8. Bd2 Nb4 9. Qb1 b6 10. Ne5 Ba6 11. e3 c5 12. Ne4 Rc8 13. dxc5 Nxe4 14. Qxe4 Qxc5 15. Bc3 f5 16. Qb1 Bd6 17. Nf3 0-0 18. Be2 e5 19. 0-0 Bb7 20. Ng5 h6 21. Nf3 Be4 22. Qd1 Rcd8 23. Nd2 Bd3 24. Bxd3 Nxd3 25. a5 b5 26. Qe2 b4 0-1

[Event "Plzen op 7th"]
[Site "Plzen"]
[Date "2015.11.24"]
[Round "3"]
[White "Kuba, Stanislav"]
[Black "Docekal, Jan"]
[Result "0-1"]
[WhiteElo "2135"]
[BlackElo "2276"]
[PlyCount "96"]
[EventDate "2015.11.22"]
[EventType "swiss"]
[EventRounds "7"]
[EventCountry "CZE"]
[SourceTitle "CBM 169 Extra"]
[Source "ChessBase"]
[SourceDate "2015.12.18"]
[SourceVersion "1"]
[SourceVersionDate "2015.12.18"]
[SourceQuality "1"]

1. g3 c5 2. c4 Nc6 3. Nc3 g6 4. Bg2 Bg7 5. e3 d6 6. a3 Bf5 7. d3 Nf6 8. Nf3 Qd7 9. h3 0-0 10. g4 Be6 11. Ng5 Rad8 12. 0-0 h5 13. Nxe6 Qxe6 14. gxh5 Nxh5 15. Qg4 f5 16. Qg5 Qf7 17. Bf3 Bf6 18. Qg2 Qg7 19. Bd5+ Kh7 20. f4 e5 21. Bd2 exf4 22. exf4 Nd4 23. Rae1 Rfe8 24. Nb5 Bh4 25. Re3 Bg3 26. Kh1 Rxe3 27. Bxe3 Nxb5 28. cxb5 Re8 29. Rf3 Qe7 30. Qd2 Qh4 31. Kg2 Be1 32. Qc1 Re7 33. b4 b6 34. bxc5 dxc5 35. Bb3 Bg3 36. Qc4 Qf6 37. d4 Re4 38. Bc2 Bxf4 39. Bf2 Qg5+ 40. Kf1 Re7 41. Bb3 Rg7 42. dxc5 bxc5 43. Bxc5 Ng3+ 44. Ke1 Ne4 45. Bf8 Bg3+ 46. Ke2 Qd2+ 47. Kf1 Qh2 48. Rxg3 Qf2# 0-1

[Event "Hradec Kralove op"]
[Site "Hradec Kralove"]
[Date "2015.10.06"]
[Round "3"]
[White "Kuba, Stanislav"]
[Black "Urkedal, Frode Olav Olsen"]
[Result "0-1"]
[WhiteElo "2148"]
[BlackElo "2504"]
[PlyCount "58"]
[EventDate "2015.10.04"]
[EventType "swiss"]
[EventRounds "9"]
[EventCountry "CZE"]
[SourceTitle "CBM 168 Extra"]
[Source "ChessBase"]
[SourceDate "2015.10.29"]
[SourceVersion "1"]
[SourceVersionDate "2015.10.29"]
[SourceQuality "1"]

1. g3 d5 2. d4 Nf6 3. Bg2 e6 4. Nf3 c5 5. c3 Nc6 6. 0-0 Bd6 7. dxc5 Bxc5 8. b4 Be7 9. Nbd2 0-0 10. a3 Qc7 11. Bb2 e5 12. b5 Na5 13. c4 d4 14. Rc1 Bc5 15. Ng5 Bg4 16. Nde4 Nxe4 17. Nxe4 Rac8 18. Qd3 h6 19. f4 Bxe2 20. Nxc5 Bxd3 21. Nxd3 exf4 22. Rxf4 Nb3 23. Rc2 Rce8 24. Bd5 Re3 25. Nf2 d3 26. Rc3 Nc5 27. Kf1 Qe7 28. Bc1 Re1+ 29. Kg2 Qe2 0-1

[Event "Hradec Kralove op"]
[Site "Hradec Kralove"]
[Date "2015.10.05"]
[Round "2"]
[White "Hellmich, Juergen"]
[Black "Kuba, Stanislav"]
[Result "0-1"]
[WhiteElo "1873"]
[BlackElo "2148"]
[PlyCount "88"]
[EventDate "2015.10.04"]
[EventType "swiss"]
[EventRounds "9"]
[EventCountry "CZE"]
[SourceTitle "CBM 168 Extra"]
[Source "ChessBase"]
[SourceDate "2015.10.29"]
[SourceVersion "1"]
[SourceVersionDate "2015.10.29"]
[SourceQuality "1"]

1. d4 Nf6 2. Nf3 g6 3. Bf4 Bg7 4. Nbd2 d5 5. e3 Nh5 6. Be5 f6 7. Bg3 Nxg3 8. hxg3 0-0 9. c3 c6 10. Be2 e5 11. e4 exd4 12. cxd4 Re8 13. exd5 cxd5 14. 0-0 Nc6 15. Rc1 Qb6 16. Nb3 a5 17. Rc5 a4 18. Rb5 Qd8 19. Nc5 b6 20. Nxa4 Ba6 21. Nc3 Bxb5 22. Bxb5 Re6 23. Qb3 Ne7 24. Ne2 Bh6 25. Rd1 Rc8 26. Nc3 Kg7 27. Ne1 Nc6 28. f4 Rd6 29. Nc2 Na5 30. Qa4 Nc4 31. Qb3 Na5 32. Qa4 g5 33. Ne3 Kh8 34. Nf5 Qf8 35. Nxd6 Qxd6 36. fxg5 Bxg5 37. Rd3 Nc4 38. b3 Ne3 39. Ne2 Qe7 40. Rc3 Rxc3 41. Nxc3 Ng4 42. Kf1 Qe3 43. Qa8+ Kg7 44. Qb7+ Kh6 0-1

[Event "Arber op 4th"]
[Site "Bayerisch Eisenstein"]
[Date "2015.08.01"]
[Round "1"]
[White "Halwachs, Siegfried"]
[Black "Kuba, Stanislav"]
[Result "0-1"]
[WhiteElo "1759"]
[BlackElo "2153"]
[PlyCount "102"]
[EventDate "2015.08.01"]
[EventType "swiss"]
[EventRounds "9"]
[EventCountry "GER"]
[SourceTitle "EXT 2016"]
[Source "ChessBase"]
[SourceDate "2015.10.08"]
[SourceVersion "1"]
[SourceVersionDate "2015.10.08"]
[SourceQuality "1"]

1. d4 Nf6 2. c4 g6 3. Nc3 Bg7 4. e4 d6 5. Nf3 c6 6. Be2 a6 7. 0-0 0-0 8. Qc2 b5 9. a3 bxc4 10. Bxc4 d5 11. exd5 cxd5 12. Be2 Bf5 13. Qd1 Nc6 14. Bg5 Ne4 15. Be3 Qa5 16. Rc1 Rfc8 17. Nh4 Be6 18. f4 f5 19. Nf3 Rab8 20. Ng5 Nxg5 21. fxg5 Rxb2 22. Bf3 Rbb8 23. Na4 Bf7 24. Rc5 Qd8 25. h4 e6 26. Qd2 Bf8 27. Rc3 Na5 28. Rxc8 Rxc8 29. Rb1 Nc4 30. Qd3 Bxa3 31. Bf4 Bd6 32. Bxd6 Qxd6 33. Nc5 a5 34. Rb7 Rb8 35. Qb3 Rxb7 36. Qxb7 Kg7 37. h5 Nb6 38. h6+ Kg8 39. Nd3 Nd7 40. Qc8+ Nf8 41. Ne5 Qe7 42. Qc1 Be8 43. Kh2 a4 44. Nd3 a3 45. Kh3 a2 46. Kh4 Qa7 47. Qa1 Bb5 48. Nb4 Bc4 49. Nc6 Qb7 50. Ne5 Qb1 51. Qc3 a1Q 0-1

[Event "Klatovy op 21st"]
[Site "Klatovy"]
[Date "2015.07.02"]
[Round "6"]
[White "Kuba, Stanislav"]
[Black "Novotny, Michal"]
[Result "1-0"]
[WhiteElo "2162"]
[BlackElo "2349"]
[PlyCount "65"]
[EventDate "2015.06.27"]
[EventType "swiss"]
[EventRounds "9"]
[EventCountry "CZE"]
[SourceTitle "EXT 2016"]
[Source "ChessBase"]
[SourceDate "2015.10.08"]
[SourceVersion "1"]
[SourceVersionDate "2015.10.08"]
[SourceQuality "1"]

1. g3 Nf6 2. Bg2 d5 3. d4 e6 4. Nf3 Be7 5. 0-0 0-0 6. b3 b5 7. Nbd2 Ba6 8. Ne5 Nfd7 9. f4 Nxe5 10. fxe5 c5 11. e3 Nc6 12. Bb2 Rc8 13. Rf2 f6 14. exf6 Rxf6 15. Rxf6 Bxf6 16. c3 b4 17. Qg4 bxc3 18. Bxc3 Qe7 19. Rc1 h5 20. Qxh5 cxd4 21. Bxd4 Nxd4 22. Rxc8+ Bxc8 23. exd4 Bxd4+ 24. Kh1 Qf7 25. Qg4 Qf2 26. Nf3 Bf6 27. Qa4 Kf7 28. Qc6 Qxa2 29. Qc7+ Kg6 30. Qxc8 Qxb3 31. Qxe6 a5 32. Ne5+ Kh7 33. Be4+ 1-0

[Event "Klatovy op 21st"]
[Site "Klatovy"]
[Date "2015.06.28"]
[Round "2"]
[White "Neuman, Petr"]
[Black "Kuba, Stanislav"]
[Result "1-0"]
[WhiteElo "2470"]
[BlackElo "2162"]
[PlyCount "73"]
[EventDate "2015.06.27"]
[EventType "swiss"]
[EventRounds "9"]
[EventCountry "CZE"]
[SourceTitle "EXT 2016"]
[Source "ChessBase"]
[SourceDate "2015.10.08"]
[SourceVersion "1"]
[SourceVersionDate "2015.10.08"]
[SourceQuality "1"]

1. d4 Nf6 2. c4 g6 3. Nc3 Bg7 4. e4 d6 5. f4 c6 6. Nf3 a6 7. Be2 0-0 8. 0-0 b5 9. e5 Ne8 10. c5 Nc7 11. cxd6 exd6 12. Ne4 d5 13. Nf2 Bf5 14. Be3 Ne6 15. Rc1 Ra7 16. Qb3 h5 17. g3 c5 18. dxc5 Nc6 19. Rfd1 d4 20. Bd2 Rd7 21. Bd3 Bg4 22. Nxg4 hxg4 23. Nh4 Re8 24. Rf1 Bf8 25. Qd1 Nxc5 26. Rxc5 Bxc5 27. Qxg4 Bb4 28. Bc1 Nxe5 29. fxe5 Rxe5 30. Nf3 Re8 31. Ng5 Re1 32. Rxe1 Bxe1 33. Nxf7 Qf6 34. Nh6+ Kf8 35. Bf4 Re7 36. Bxg6 Bb4 37. Qc8+ 1-0

[Event "CZE-ch op"]
[Site "Havlickuv Brod"]
[Date "2015.05.22"]
[Round "8"]
[White "Kuba, Stanislav"]
[Black "Pultorak, Jan"]
[Result "1/2-1/2"]
[WhiteElo "2108"]
[BlackElo "2104"]
[PlyCount "108"]
[EventDate "2015.05.16"]
[EventType "swiss"]
[EventRounds "9"]
[EventCountry "CZE"]
[SourceTitle "CBM 166 Extra"]
[Source "ChessBase"]
[SourceDate "2015.06.18"]
[SourceVersion "1"]
[SourceVersionDate "2015.06.18"]
[SourceQuality "1"]

1. g3 d5 2. Nf3 Nf6 3. Bg2 c6 4. b3 Bf5 5. Bb2 e6 6. Nh4 Be4 7. f3 Bg6 8. Nxg6 hxg6 9. d4 Qc7 10. 0-0 c5 11. c3 Nc6 12. Na3 cxd4 13. cxd4 Nxd4 14. Bxd4 Bxa3 15. b4 e5 16. Bf2 Bb2 17. Rb1 Bc3 18. Qa4+ Qd7 19. b5 0-0 20. Rfd1 Qf5 21. e4 dxe4 22. fxe4 Qh5 23. Rd3 Rac8 24. h3 Qe2 25. Rbd1 Qb2 26. Bxa7 Ra8 27. Qb3 Rxa7 28. Rxc3 Rxa2 29. Qxb2 Rxb2 30. Rc5 Ra8 31. Rxe5 Raa2 32. Bf1 Ra3 33. g4 Re3 34. Rd3 Rxe4 35. Rxe4 Nxe4 36. Rd8+ Kh7 37. Rd7 Ng5 38. Bg2 Rxb5 39. h4 Ne6 40. Rxf7 Rb1+ 41. Kh2 b5 42. Bd5 Nc5 43. Rf8 b4 44. Kg3 Rg1+ 45. Kh3 Nd7 46. Rf4 Rd1 47. Be6 b3 48. Rb4 Nc5 49. Bc4 Rc1 50. Bf7 Rc3+ 51. Kg2 Rc2+ 52. Kg3 Rc3+ 53. Kg2 Rc2+ 54. Kg3 Rc3+ 1/2-1/2

[Event "Liberec op 15th"]
[Site "Liberec"]
[Date "2015.02.18"]
[Round "6"]
[White "Kuba, Stanislav"]
[Black "Stojkovic, Andreja"]
[Result "1/2-1/2"]
[WhiteElo "2164"]
[BlackElo "1919"]
[PlyCount "103"]
[EventDate "2015.02.14"]
[EventType "swiss"]
[EventRounds "9"]
[EventCountry "CZE"]
[SourceTitle "CBM 164 Extra"]
[Source "ChessBase"]
[SourceDate "2015.03.02"]
[SourceVersion "1"]
[SourceVersionDate "2015.03.02"]
[SourceQuality "1"]

1. g3 c5 2. Bg2 Nf6 3. Nf3 g6 4. 0-0 Bg7 5. c3 0-0 6. d4 Na6 7. Nbd2 d5 8. Ne5 cxd4 9. cxd4 Qb6 10. Nb3 Ne4 11. Be3 Bf5 12. g4 Be6 13. Bxe4 dxe4 14. d5 Qd6 15. dxe6 Qxe6 16. Qd7 Bxe5 17. Qxe6 fxe6 18. Rfd1 Rfd8 19. Rxd8+ Rxd8 20. Bxa7 Bxb2 21. Rb1 Bc3 22. Rc1 Bd2 23. Rc4 e5 24. Rxe4 Bc3 25. Rc4 Bb4 26. Kg2 Kf7 27. a4 Rd1 28. Nc1 Bd6 29. Nd3 Rd2 30. Re4 Ra2 31. h4 Ke6 32. Nf4+ Kf7 33. Nd3 Ke6 34. Kf3 Ra3 35. Be3 Kd5 36. h5 Rb3 37. hxg6 hxg6 38. g5 Nc7 39. Rh4 Ne6 40. Rg4 Ng7 41. Bc1 Ne6 42. Ke3 Nc5 43. Kd2 Ne4+ 44. Kc2 Rc3+ 45. Kb1 Rc4 46. Kb2 Rxa4 47. f3 Nc5 48. Nb4+ Rxb4+ 49. Rxb4 Nd3+ 50. exd3 Bxb4 51. Kb3 Bc5 52. Kc3 1/2-1/2

[Event "Plzen op 6th"]
[Site "Plzen"]
[Date "2014.11.29"]
[Round "7"]
[White "Kuba, Stanislav"]
[Black "Kourousis, Epaminondas"]
[Result "0-1"]
[WhiteElo "2174"]
[BlackElo "2380"]
[PlyCount "104"]
[EventDate "2014.11.23"]
[EventType "swiss"]
[EventRounds "7"]
[EventCountry "CZE"]
[SourceTitle "CBM 163 Extra"]
[Source "ChessBase"]
[SourceDate "2014.12.23"]
[SourceVersion "1"]
[SourceVersionDate "2014.12.23"]
[SourceQuality "1"]

1. g3 d5 2. Bg2 c5 3. Nf3 Nc6 4. 0-0 e5 5. d3 h6 6. c3 Nf6 7. a3 Be6 8. b4 a6 9. Bb2 Qc7 10. Nbd2 Rd8 11. Rc1 c4 12. a4 Be7 13. b5 Na5 14. d4 e4 15. Ne5 Nd7 16. Nxd7 Bxd7 17. bxa6 bxa6 18. e3 Rb8 19. Rb1 h5 20. f3 f5 21. Bh3 g6 22. Qc2 Nb3 23. fxe4 Nxd2 24. Qxd2 fxe4 25. Bxd7+ Kxd7 26. Qg2 Qc6 27. Rf7 Rhf8 28. Rbf1 Rxf7 29. Rxf7 Qe6 30. Rf2 Bg5 31. Re2 Qg4 32. h4 Bh6 33. Ba3 Qf3 34. Kh2 Rb1 35. Qxf3 exf3 36. Rf2 Ra1 37. Bb4 Rxa4 38. Rxf3 Ke6 39. Bf8 Bxf8 40. Rxf8 Ra3 41. Re8+ Kf6 42. Rd8 Rxc3 43. Rxd5 Rxe3 44. Rc5 c3 45. Rc6+ Kf5 46. Rxa6 Re6 47. Ra5+ Ke4 48. d5 Rd6 49. g4 Rxd5 50. Ra6 Rc5 51. Rxg6 c2 52. Re6+ Kf4 0-1

[Event "Plzen op 6th"]
[Site "Plzen"]
[Date "2014.11.25"]
[Round "3"]
[White "Kuba, Stanislav"]
[Black "Prachar, Josef"]
[Result "1-0"]
[WhiteElo "2174"]
[BlackElo "1884"]
[PlyCount "87"]
[EventDate "2014.11.23"]
[EventType "swiss"]
[EventRounds "7"]
[EventCountry "CZE"]
[SourceTitle "CBM 163 Extra"]
[Source "ChessBase"]
[SourceDate "2014.12.23"]
[SourceVersion "1"]
[SourceVersionDate "2014.12.23"]
[SourceQuality "1"]

1. g3 Nf6 2. Bg2 g6 3. Nf3 Bg7 4. 0-0 0-0 5. d4 d6 6. c4 Nbd7 7. Nc3 e5 8. h3 c6 9. Bg5 h6 10. Be3 e4 11. Nd2 d5 12. b4 a6 13. a4 Qe7 14. Qb3 Qe6 15. a5 Rd8 16. cxd5 cxd5 17. Na4 Ne8 18. Rac1 Nd6 19. Nc3 Nf6 20. Bf4 Bd7 21. Be5 Bc6 22. Na4 Bxa4 23. Qxa4 Nfe8 24. Bxg7 Kxg7 25. Qb3 Nb5 26. e3 b6 27. axb6 Qxb6 28. f3 Nf6 29. fxe4 Nxd4 30. exd4 Qxd4+ 31. Rf2 dxe4 32. Rc4 Qxf2+ 33. Kxf2 Rxd2+ 34. Kg1 Rad8 35. Rc7 R8d5 36. Bf1 h5 37. Bc4 Rd1+ 38. Kf2 R5d2+ 39. Ke3 Nd5+ 40. Bxd5 Rd3+ 41. Kxe4 Rxb3 42. Bxb3 Rb1 43. Rxf7+ Kh6 44. Rf3 1-0

[Event "Plzen op 6th"]
[Site "Plzen"]
[Date "2014.11.24"]
[Round "2"]
[White "Simet, Martin"]
[Black "Kuba, Stanislav"]
[Result "1-0"]
[WhiteElo "1923"]
[BlackElo "2174"]
[PlyCount "95"]
[EventDate "2014.11.23"]
[EventType "swiss"]
[EventRounds "7"]
[EventCountry "CZE"]
[SourceTitle "CBM 163 Extra"]
[Source "ChessBase"]
[SourceDate "2014.12.23"]
[SourceVersion "1"]
[SourceVersionDate "2014.12.23"]
[SourceQuality "1"]

1. e4 g6 2. d4 Bg7 3. f4 d6 4. Nf3 Bg4 5. Bc4 e6 6. c3 Nf6 7. h3 Bxf3 8. Qxf3 d5 9. exd5 Nxd5 10. 0-0 0-0 11. Bxd5 Qxd5 12. Qxd5 exd5 13. f5 Nd7 14. Bf4 c5 15. dxc5 Rfe8 16. Na3 Nxc5 17. Rad1 Rad8 18. Nb5 Re2 19. Rf2 Rxf2 20. Kxf2 a6 21. Nd6 Bf8 22. Nc4 gxf5 23. Ne3 Ne6 24. Rxd5 Rxd5 25. Nxd5 Nxf4 26. Nxf4 Kg7 27. Ke3 Kf6 28. Kd4 Kg5 29. Ne2 Bd6 30. Kd5 Bf4 31. b4 Bd2 32. a4 f4 33. Ke4 b5 34. axb5 axb5 35. Kd3 Be1 36. Nd4 Bf2 37. Nxb5 f3 38. gxf3 Kh4 39. Nd6 Kxh3 40. Nxf7 h5 41. Nh6 Kg2 42. Ke2 Ba7 43. Nf5 Bb6 44. c4 Bd8 45. c5 h4 46. Nxh4+ Bxh4 47. c6 Bd8 48. f4 1-0

[Event "Plzen op 6th"]
[Site "Plzen"]
[Date "2014.11.23"]
[Round "1"]
[White "Kuba, Stanislav"]
[Black "Friedel, Roland"]
[Result "1-0"]
[WhiteElo "2174"]
[BlackElo "1713"]
[PlyCount "47"]
[EventDate "2014.11.23"]
[EventType "swiss"]
[EventRounds "7"]
[EventCountry "CZE"]
[SourceTitle "CBM 163 Extra"]
[Source "ChessBase"]
[SourceDate "2014.12.23"]
[SourceVersion "1"]
[SourceVersionDate "2014.12.23"]
[SourceQuality "1"]

1. g3 d5 2. Bg2 Nf6 3. Nf3 Bf5 4. d4 Nbd7 5. c4 e6 6. Nh4 Bg4 7. h3 Bh5 8. g4 Bg6 9. Nxg6 hxg6 10. Nc3 c6 11. cxd5 Nxd5 12. e4 Nxc3 13. bxc3 Nb6 14. a4 a5 15. Rb1 Bd6 16. Qb3 Bc7 17. Ba3 Rb8 18. 0-0 Nc8 19. d5 exd5 20. exd5 Ne7 21. Rfe1 Bd6 22. Bxd6 Qxd6 23. dxc6 0-0 24. cxb7 1-0

[Event "Arber op 3rd"]
[Site "Bayerisch Eisenstein"]
[Date "2014.08.23"]
[Round "8"]
[White "Jansa, Vlastimil"]
[Black "Kuba, Stanislav"]
[Result "1-0"]
[WhiteElo "2438"]
[BlackElo "2137"]
[PlyCount "67"]
[EventDate "2014.08.16"]
[EventType "swiss"]
[EventRounds "9"]
[EventCountry "GER"]
[SourceTitle "CBM 161 Extra"]
[Source "ChessBase"]
[SourceDate "2014.08.29"]
[SourceVersion "1"]
[SourceVersionDate "2014.08.29"]
[SourceQuality "1"]

1. e4 g6 2. d4 Bg7 3. Nc3 d6 4. Be3 c6 5. Qd2 b5 6. Bd3 a6 7. Nf3 Bg4 8. a4 b4 9. Ne2 a5 10. 0-0 Bxf3 11. gxf3 Nf6 12. c3 bxc3 13. bxc3 0-0 14. Ng3 Nbd7 15. f4 e5 16. Qe2 Re8 17. dxe5 dxe5 18. f5 Rb8 19. Bc4 Qe7 20. Kh1 Nc5 21. Rg1 Kh8 22. Bxc5 Qxc5 23. Bxf7 Re7 24. fxg6 Reb7 25. Qf3 Rb2 26. Rgf1 Rc2 27. c4 Rbb2 28. Rad1 hxg6 29. Bxg6 Rxf2 30. Rxf2 Rxf2 31. Rd8+ Bf8 32. Rxf8+ Kg7 33. Rf7+ Kh6 34. Nf5+ 1-0

[Event "Arber op 3rd"]
[Site "Bayerisch Eisenstein"]
[Date "2014.08.21"]
[Round "6"]
[White "Strangmueller, Andreas"]
[Black "Kuba, Stanislav"]
[Result "0-1"]
[WhiteElo "2005"]
[BlackElo "2137"]
[PlyCount "94"]
[EventDate "2014.08.16"]
[EventType "swiss"]
[EventRounds "9"]
[EventCountry "GER"]
[SourceTitle "CBM 161 Extra"]
[Source "ChessBase"]
[SourceDate "2014.08.29"]
[SourceVersion "1"]
[SourceVersionDate "2014.08.29"]
[SourceQuality "1"]

1. d4 Nf6 2. Nf3 g6 3. c4 Bg7 4. Nc3 c6 5. g3 a6 6. Bg2 b5 7. c5 0-0 8. 0-0 d5 9. cxd6 exd6 10. a3 Re8 11. e4 Ra7 12. Re1 Rae7 13. Bg5 h6 14. Bf4 Nxe4 15. Nxe4 Rxe4 16. Rxe4 Rxe4 17. Qd2 Bg4 18. Bxh6 Bxh6 19. Qxh6 Qf6 20. Ne5 Rxd4 21. Nxg4 Rxg4 22. Re1 Qd8 23. Qe3 Qf8 24. Qa7 Rg5 25. Re7 Re5 26. Rb7 Re8 27. b4 d5 28. h4 Rd8 29. Qd4 Rd7 30. Rxd7 Nxd7 31. Bh3 Qd6 32. h5 gxh5 33. Qh4 Nf6 34. Qg5+ Kf8 35. Qh6+ Ke8 36. Qe3+ Ne4 37. Qd4 Qf6 38. Qa7 Kf8 39. Bg2 Qa1+ 40. Kh2 Qe5 41. Qa8+ Kg7 42. Bxe4 dxe4 43. Qxc6 h4 44. Qc1 hxg3+ 45. fxg3 e3 46. Kg2 Qe4+ 47. Kg1 Qf3 0-1

[Event "Klatovy op"]
[Site "Klatovy"]
[Date "2014.07.02"]
[Round "5"]
[White "Kuba, Stanislav"]
[Black "Neuman, Petr"]
[Result "0-1"]
[WhiteElo "2115"]
[BlackElo "2487"]
[PlyCount "80"]
[EventDate "2014.06.28"]
[EventType "swiss"]
[EventRounds "9"]
[EventCountry "CZE"]
[SourceTitle "CBM 161 Extra"]
[Source "ChessBase"]
[SourceDate "2014.08.29"]
[SourceVersion "1"]
[SourceVersionDate "2014.08.29"]
[SourceQuality "1"]

1. g3 e5 2. Bg2 d6 3. c3 f5 4. d4 Nd7 5. Nf3 e4 6. Ng5 Nb6 7. h4 Nf6 8. c4 c6 9. b3 g6 10. a4 a5 11. Nc3 Bg7 12. Ra2 h6 13. Nh3 Be6 14. 0-0 d5 15. c5 Nbd7 16. Bf4 Nh5 17. Bd6 b6 18. Qd2 bxc5 19. dxc5 Ne5 20. Rb1 Nf7 21. Bf4 Bf6 22. Rd1 g5 23. hxg5 hxg5 24. Be3 f4 25. gxf4 Bxh3 26. Bxh3 gxf4 27. Bd4 Bxd4 28. Qxd4 Qg5+ 29. Kf1 Nf6 30. Bg2 Rh2 31. Bf3 exf3 32. exf3 Kf8 33. Ke2 Qe5+ 34. Qxe5 Nxe5 35. Rd4 Re8 36. Kd1 Kf7 37. b4 Nxf3 38. Rxf4 Re1+ 39. Kc2 Rxf2+ 40. Kb3 Nd2+ 0-1

[Event "Klatovy op"]
[Site "Klatovy"]
[Date "2014.07.01"]
[Round "4"]
[White "Kuba, Stanislav"]
[Black "Hausner, Ivan"]
[Result "1-0"]
[WhiteElo "2115"]
[BlackElo "2355"]
[PlyCount "61"]
[EventDate "2014.06.28"]
[EventType "swiss"]
[EventRounds "9"]
[EventCountry "CZE"]
[SourceTitle "CBM 161 Extra"]
[Source "ChessBase"]
[SourceDate "2014.08.29"]
[SourceVersion "1"]
[SourceVersionDate "2014.08.29"]
[SourceQuality "1"]

1. g3 g6 2. Bg2 Bg7 3. Nf3 e5 4. d3 Ne7 5. e4 c5 6. h4 h6 7. h5 g5 8. Bh3 Nbc6 9. Nbd2 d5 10. Bxc8 Rxc8 11. Kf1 0-0 12. Kg2 f5 13. c3 b6 14. Qe2 Qd7 15. Nh2 c4 16. f3 cxd3 17. Qxd3 Rcd8 18. Qe2 Qe8 19. g4 fxe4 20. fxe4 Qd7 21. Nhf1 Rf4 22. Kh3 dxe4 23. Ng3 e3 24. Ndf1 Rf2 25. Qxe3 Rdf8 26. Qe4 Nd5 27. Nf5 Nf4+ 28. Bxf4 Rxf4 29. Qxc6 Qd3+ 30. N1g3 R8xf5 31. Rad1 1-0